|
|
|
|
| LEADER |
00997cam a22002411 4500 |
| 001 |
3587473 |
| 003 |
GR-PaULI |
| 005 |
20210217190921.0 |
| 008 |
711013s1966 nyua b 000 0 eng |
| 040 |
|
|
|a DLC
|c DLC
|d ICU
|d DLC
|b gre
|e AACR2
|
| 082 |
0 |
0 |
|a 571.86
|2 23
|
| 100 |
1 |
|
|a Waddington, C. H.
|q (Conrad Hal),
|d 1905-1975.
|e συγγραφέας.
|9 169435
|
| 245 |
1 |
0 |
|a Principles of development and differentiation /
|c C. H. Waddington.
|
| 260 |
|
|
|a New York :
|b Macmillan,
|c [1966].
|
| 300 |
|
|
|a x, 115 σ. :
|b εικ. ;
|c 24 εκ.
|
| 490 |
1 |
|
|a Current concepts in biology series
|
| 504 |
|
|
|a Περιλαμβάνει βιβλιογραφία.
|
| 650 |
|
4 |
|a Εμβρυολογία
|9 30024
|
| 830 |
|
|
|9 169428
|a Current concepts in biology series
|
| 942 |
|
|
|2 ddc
|c BK15
|
| 952 |
|
|
|0 0
|1 0
|2 ddc
|4 0
|6 571_860000000000000_WAD
|7 0
|9 223002
|a LISP
|b LISP
|c BSC
|d 2018-06-11
|i 03490
|l 0
|o 571.86 WAD
|p 025000240937
|r 2018-06-11 00:00:00
|t 1
|v 2018.00
|w 2018-06-11
|y BK15
|
| 998 |
|
|
|c ΜΠΟΥΡΑΣ
|d 2018-06
|
| 999 |
|
|
|c 134778
|d 134778
|